000 00672nam a22002057a 4500
005 20240228143240.0
008 090826t xxu||||| |||| 00| 0 eng d
010 _aENG-139467
020 _a978350312612
_c599.00/-
035 _aEN-122999
037 _bDBAD/PUB
040 _bEnglish
082 _a158.1
100 _aTOMAR, VIKAS
_962499
245 _aSUCCESS POINT/
_bA GUIDE TO RIGHT CAREER CHOICES;
_cNUNDO LAL DEY
260 _bVIRTUOUS PUBLIATIONS
_aU.P , INDIA
_c2010
270 _aA-8, HOSIERY COMPLEX, PHASE-II EXTENSION NOIDA
_bU.P
300 _a230p.
_c24CM(HB)
942 _2ddc
_cEN
_mTOM
999 _c201093
_d201093